Lithofacies Paleogeography and Geological Survey of Shale Gas.

Bibliographic Details
Main Author: Mou, Chuanlong.
Other Authors: Wang, Xiuping., Wang, Qiyu., Ge, Xiangying., Zan, Bowen., Zhou, Kenken., Chen, Xiaowei., Liang, Wei.
Format: eBook
Language:English
Published: Singapore : Springer Singapore Pte. Limited, 2023.
Edition:1st ed.
Series:The China Geological Survey Series
Subjects:
Online Access:Click to View
LEADER 01807nam a22004693i 4500
001 EBC7236592
003 MiAaPQ
005 20231204023228.0
006 m o d |
007 cr cnu||||||||
008 231204s2023 xx o ||||0 eng d
020 |a 9789811988615  |q (electronic bk.) 
020 |z 9789811988608 
035 |a (MiAaPQ)EBC7236592 
035 |a (Au-PeEL)EBL7236592 
035 |a (OCoLC)1375674510 
040 |a MiAaPQ  |b eng  |e rda  |e pn  |c MiAaPQ  |d MiAaPQ 
050 4 |a QE471-471.15 
100 1 |a Mou, Chuanlong. 
245 1 0 |a Lithofacies Paleogeography and Geological Survey of Shale Gas. 
250 |a 1st ed. 
264 1 |a Singapore :  |b Springer Singapore Pte. Limited,  |c 2023. 
264 4 |c Ã2023. 
300 |a 1 online resource (268 pages) 
336 |a text  |b txt  |2 rdacontent 
337 |a computer  |b c  |2 rdamedia 
338 |a online resource  |b cr  |2 rdacarrier 
490 1 |a The China Geological Survey Series 
588 |a Description based on publisher supplied metadata and other sources. 
590 |a Electronic reproduction. Ann Arbor, Michigan : ProQuest Ebook Central, 2023. Available via World Wide Web. Access may be limited to ProQuest Ebook Central affiliated libraries.  
655 4 |a Electronic books. 
700 1 |a Wang, Xiuping. 
700 1 |a Wang, Qiyu. 
700 1 |a Ge, Xiangying. 
700 1 |a Zan, Bowen. 
700 1 |a Zhou, Kenken. 
700 1 |a Chen, Xiaowei. 
700 1 |a Liang, Wei. 
776 0 8 |i Print version:  |a Mou, Chuanlong  |t Lithofacies Paleogeography and Geological Survey of Shale Gas  |d Singapore : Springer Singapore Pte. Limited,c2023  |z 9789811988608 
797 2 |a ProQuest (Firm) 
830 4 |a The China Geological Survey Series 
856 4 0 |u https://ebookcentral.proquest.com/lib/matrademy/detail.action?docID=7236592  |z Click to View